Enforcing across the border (Record no. 121165)

MARC details
000 -LEADER
fixed length control field 01117nas a22002417a 4500
001 - CONTROL NUMBER
control field K121165
007 - PHYSICAL DESCRIPTION FIXED FIELD--GENERAL INFORMATION
fixed length control field ta
008 - FIXED-LENGTH DATA ELEMENTS--GENERAL INFORMATION
fixed length control field 191105b2019 ||||| |||| 00| 0 eng d
041 ## - LANGUAGE CODE
Language code of text/sound track or separate title eng
100 ## - MAIN ENTRY--PERSONAL NAME
Personal author Hale, Gareth
245 ## - TITLE STATEMENT
Title Enforcing across the border
260 ## - PUBLICATION INFORMATION
Date 2019
490 ## - SERIES TITLE
Series statement Estates Gazette
Volume (1946) 23 November 2019, 64-66(3)
520 ## - ABSTRACT
Abstract Fourth in a series of four articles looking at the differences between England and Scottish property law. Looks at difference between the two jurisdictions regarding rules which govern enforcement of rights or contracts in the event of a dispute. Looks at the court systems including granting of enforcement court orders, monetary obligations, forfeiture/irritancy, disclaimers, dilapidations, and buyer/borrow default. Table lists differences in terminology used. For Part 1 see K121151 and Part 2 see K121161 and Part 3 K121164. .
650 ## - KEYWORDS
Keywords Security
650 ## - KEYWORDS
Keywords Forfeiture
650 ## - KEYWORDS
Keywords Enforcement
651 ## - SUBJECT ADDED ENTRY--GEOGRAPHIC NAME
Geographic name England and Wales
651 ## - SUBJECT ADDED ENTRY--GEOGRAPHIC NAME
Geographic name Scotland
690 ## - LOCAL SUBJECT ADDED ENTRY--TOPICAL TERM (OCLC, RLIN)
9 (RLIN) 6241
Topical term or geographic name as entry element Finance & taxation
700 ## - ADDED PERSONAL NAME
Added personal author Johnson, Bryan
700 ## - ADDED PERSONAL NAME
Added personal author Dunn, Kirstin
Holdings
Withdrawn status Lost status Damaged status Not for loan Home library Current library Shelving location Date acquired Total Checkouts Date last seen Price effective from Koha item type
        London London Journals 28/11/2019   28/11/2019 28/11/2019 Journal article